<?xml version="1.0" encoding="UTF-8"?>
<record
    xmlns:xsi="http://www.w3.org/2001/XMLSchema-instance"
    xsi:schemaLocation="http://www.loc.gov/MARC21/slim http://www.loc.gov/standards/marcxml/schema/MARC21slim.xsd"
    xmlns="http://www.loc.gov/MARC21/slim">

  <leader>00603nam a22001577a 4500</leader>
  <controlfield tag="003">OSt</controlfield>
  <controlfield tag="005">20151208102851.0</controlfield>
  <controlfield tag="008">151208b        xxu||||| |||| 00| 0 eng d</controlfield>
  <datafield tag="040" ind1=" " ind2=" ">
    <subfield code="c">RUA</subfield>
  </datafield>
  <datafield tag="082" ind1=" " ind2=" ">
    <subfield code="a">ATM LOE 2004 B193 Or.1</subfield>
  </datafield>
  <datafield tag="100" ind1=" " ind2=" ">
    <subfield code="9">4518</subfield>
    <subfield code="a">LOEUNG, VUTHA.</subfield>
  </datafield>
  <datafield tag="245" ind1=" " ind2=" ">
    <subfield code="a">evaluating on paddy quality from different drying method (&#x179C;&#x17B6;&#x1799;&#x178F;&#x17C6;&#x179B;&#x17C3;&#x1782;&#x17BB;&#x178E;&#x1797;&#x17B6;&#x1796;&#x1782;&#x17D2;&#x179A;&#x17B6;&#x1794;&#x17CB;&#x179F;&#x17D2;&#x179A;&#x17BC;&#x179C;&#x178A;&#x17C2;&#x179B;&#x1794;&#x17B6;&#x1793;&#x1798;&#x1780;&#x1796;&#x17B8;&#x179C;&#x17B7;&#x1792;&#x17B8;&#x179F;&#x17B6;&#x179F;&#x17D2;&#x179A;&#x17D2;&#x178F; &#x179F;&#x17C6;&#x1784;&#x17BD;&#x178F;&#x1795;&#x17D2;&#x179F;&#x17C1;&#x1784;&#x17D7;&#x1782;&#x17D2;&#x1793;&#x17B6;)</subfield>
  </datafield>
  <datafield tag="260" ind1=" " ind2=" ">
    <subfield code="a">Phnom Penh</subfield>
    <subfield code="b">RUA</subfield>
    <subfield code="c">2004</subfield>
  </datafield>
  <datafield tag="300" ind1=" " ind2=" ">
    <subfield code="a">ix,44.</subfield>
    <subfield code="b">ill.</subfield>
    <subfield code="c">29cm.</subfield>
  </datafield>
  <datafield tag="942" ind1=" " ind2=" ">
    <subfield code="2">ddc</subfield>
    <subfield code="c">ATM</subfield>
  </datafield>
  <datafield tag="999" ind1=" " ind2=" ">
    <subfield code="c">4209</subfield>
    <subfield code="d">4209</subfield>
  </datafield>
  <datafield tag="952" ind1=" " ind2=" ">
    <subfield code="0">0</subfield>
    <subfield code="1">0</subfield>
    <subfield code="2">ddc</subfield>
    <subfield code="4">0</subfield>
    <subfield code="6">ATM_LOE_2004_000000000000000_B193_OR_1</subfield>
    <subfield code="7">0</subfield>
    <subfield code="9">21242</subfield>
    <subfield code="a">LBB</subfield>
    <subfield code="b">LBB</subfield>
    <subfield code="c">B193</subfield>
    <subfield code="d">2015-12-08</subfield>
    <subfield code="l">2</subfield>
    <subfield code="o">ATM LOE 2004 B193 Or.1</subfield>
    <subfield code="p">RUA039089</subfield>
    <subfield code="r">2018-11-13</subfield>
    <subfield code="s">2018-11-05</subfield>
    <subfield code="w">2015-12-08</subfield>
    <subfield code="y">ATM</subfield>
  </datafield>
  <datafield tag="952" ind1=" " ind2=" ">
    <subfield code="0">0</subfield>
    <subfield code="1">0</subfield>
    <subfield code="2">ddc</subfield>
    <subfield code="4">0</subfield>
    <subfield code="6">ATM_LOE_2004_000000000000000_B193_OR_2</subfield>
    <subfield code="7">0</subfield>
    <subfield code="9">21243</subfield>
    <subfield code="a">LBB</subfield>
    <subfield code="b">LBB</subfield>
    <subfield code="c">B193</subfield>
    <subfield code="d">2015-12-08</subfield>
    <subfield code="l">1</subfield>
    <subfield code="o">ATM LOE 2004 B193 Or.2</subfield>
    <subfield code="p">RUA038364</subfield>
    <subfield code="r">2019-12-23</subfield>
    <subfield code="s">2019-12-07</subfield>
    <subfield code="w">2015-12-08</subfield>
    <subfield code="y">ATM</subfield>
  </datafield>
  <datafield tag="952" ind1=" " ind2=" ">
    <subfield code="0">0</subfield>
    <subfield code="1">0</subfield>
    <subfield code="2">ddc</subfield>
    <subfield code="4">0</subfield>
    <subfield code="6">ATM_LOE_2004_000000000000000_B193_OR_3</subfield>
    <subfield code="7">0</subfield>
    <subfield code="9">21244</subfield>
    <subfield code="a">LBB</subfield>
    <subfield code="b">LBB</subfield>
    <subfield code="c">B193</subfield>
    <subfield code="d">2015-12-08</subfield>
    <subfield code="l">2</subfield>
    <subfield code="m">1</subfield>
    <subfield code="o">ATM LOE 2004 B193 Or.3</subfield>
    <subfield code="p">RUA039240</subfield>
    <subfield code="r">2019-01-02</subfield>
    <subfield code="s">2018-11-02</subfield>
    <subfield code="w">2015-12-08</subfield>
    <subfield code="y">ATM</subfield>
  </datafield>
  <datafield tag="952" ind1=" " ind2=" ">
    <subfield code="0">0</subfield>
    <subfield code="1">0</subfield>
    <subfield code="2">ddc</subfield>
    <subfield code="4">0</subfield>
    <subfield code="6">ATM_LOE_2004_000000000000000_B193_OR_4</subfield>
    <subfield code="7">0</subfield>
    <subfield code="9">21245</subfield>
    <subfield code="a">LBB</subfield>
    <subfield code="b">LBB</subfield>
    <subfield code="c">B193</subfield>
    <subfield code="d">2015-12-08</subfield>
    <subfield code="l">3</subfield>
    <subfield code="m">1</subfield>
    <subfield code="o">ATM LOE 2004 B193 Or.4</subfield>
    <subfield code="p">RUA038423</subfield>
    <subfield code="r">2018-11-13</subfield>
    <subfield code="s">2018-11-13</subfield>
    <subfield code="w">2015-12-08</subfield>
    <subfield code="y">ATM</subfield>
  </datafield>
  <datafield tag="952" ind1=" " ind2=" ">
    <subfield code="0">0</subfield>
    <subfield code="1">0</subfield>
    <subfield code="2">ddc</subfield>
    <subfield code="4">0</subfield>
    <subfield code="6">ATM_LOE_2004_000000000000000_B193_OR_5</subfield>
    <subfield code="7">0</subfield>
    <subfield code="9">21246</subfield>
    <subfield code="a">LBB</subfield>
    <subfield code="b">LBB</subfield>
    <subfield code="c">B193</subfield>
    <subfield code="d">2015-12-08</subfield>
    <subfield code="l">3</subfield>
    <subfield code="o">ATM LOE 2004 B193 Or.5</subfield>
    <subfield code="p">RUA038908</subfield>
    <subfield code="r">2016-05-26</subfield>
    <subfield code="s">2016-05-05</subfield>
    <subfield code="w">2015-12-08</subfield>
    <subfield code="y">ATM</subfield>
  </datafield>
</record>
